000 00796nam a2200265 i 4500
001 C2-0345157
003 PPAK
005 20180728145758.0
008 180128s ii a|||| ||||| | tam d
020 _a9384785156
040 _aPPAK
_beng
_cPPAK
_erda
082 0 4 _a894.8113
_223
090 0 0 _a894.8113
_bARA
_dK
100 1 _aArasu, S. M. E.,
_eauthor
245 1 0 _aNeethi kathaigal :
_bnyayaru malar
264 1 _aChennai, India :
_bMagesh Arts ,
_c[date of publication not identified]
300 _a24 pages :
_bcolour illustrations ;
_c28 cm
336 _2rdacontent
_atext
337 _2rdamedia
_aunmediated
338 _2rdacarrier
_avolume
490 1 _aMagesh niithi kathaigal
650 1 0 _aChildren's stories, Tamil.
830 0 _aMagesh niithi kathaigal
942 _ddc
_cB
999 _c141657
_d141657